[Event "Bytom Black Horse School Cup"]
[Site "Bytom"]
[Date "2023.01.28"]
[Round "6"]
[White "Krawczyk, Flawian"]
[Black "Wieczorek, Jakub"]
[Result "1-0"]
[WhiteElo "2013"]
[BlackElo "1735"]
[PlyCount "85"]
[EventDate "2023.01.28"]
[EventType "swiss (rapid)"]
[EventRounds "9"]
[EventCountry "POL"]
[SourceTitle "CBM 213 Extra"]
[Source "ChessBase"]
[SourceDate "2023.05.31"]
[SourceVersion "1"]
[SourceVersionDate "2023.05.31"]
[SourceQuality "1"]

1. d4 d5 2. c4 c6 3. cxd5 cxd5 4. Nc3 Nf6 5. Bf4 a6 6. e3 e6 7. Bd3 b5 8. Nf3 Bb7 9. 0-0 Nbd7 10. Rc1 Rc8 11. Nd2 Nb6 12. Qe2 Nc4 13. Nb3 Be7 14. Nb1 0-0 15. h3 Qb6 16. Bh2 Rfd8 17. Rc2 Na5 18. Rfc1 Nxb3 19. axb3 Bd6 20. Bxd6 Qxd6 21. Rc5 Ne4 22. Bxe4 dxe4 23. Nd2 Qd7 24. Qg4 f5 25. Qf4 Rxc5 26. Rxc5 Rc8 27. b4 Bd5 28. g4 g6 29. gxf5 gxf5 30. Nf1 Kf7 31. Ng3 Qd8 32. Qh6 Qg8 33. Rxc8 Qxc8 34. Qxh7+ Ke8 35. Nh5 Qc1+ 36. Kg2 Kd8 37. Nf6 Qc7 38. Qxc7+ Kxc7 39. Nxd5+ exd5 40. Kg3 Kd6 41. Kf4 Ke6 42. h4 Kf6 43. h5 1-0

[Event "Katowice POL-HUN 9th"]
[Site "Katowice"]
[Date "2021.07.03"]
[Round "2"]
[White "Wieczorek, Jakub"]
[Black "Heberla, Bartlomiej"]
[Result "0-1"]
[WhiteElo "1798"]
[BlackElo "2559"]
[PlyCount "150"]
[EventDate "2021.07.03"]
[EventType "swiss (rapid)"]
[EventRounds "9"]
[EventCountry "POL"]
[SourceTitle "CBM 203 Extra"]
[Source "ChessBase"]
[SourceDate "2021.09.30"]
[SourceVersion "1"]
[SourceVersionDate "2021.09.30"]
[SourceQuality "1"]

1. d4 Nf6 2. c3 d5 3. Bf4 e6 4. e3 Bd6 5. Nd2 0-0 6. Ngf3 c5 7. Bxd6 Qxd6 8. Ne5 b6 9. Be2 Ba6 10. 0-0 Bxe2 11. Qxe2 Nfd7 12. Nxd7 Nxd7 13. dxc5 Nxc5 14. c4 d4 15. exd4 Qxd4 16. Nb3 Qd3 17. Qxd3 Nxd3 18. Rab1 Rac8 19. Nc1 Nb4 20. b3 Rfd8 21. Rb2 Rd7 22. a3 Nc6 23. b4 Ne5 24. c5 Nc4 25. Rc2 Nxa3 26. Ra2 Nb5 27. cxb6 axb6 28. Ra6 Rd6 29. Ne2 g6 30. g3 Rc4 31. Rb1 g5 32. Kg2 Rc2 33. Ng1 g4 34. h3 h5 35. hxg4 hxg4 36. Rf1 Nc7 37. Raa1 Rdd2 38. Rad1 Nd5 39. Rxd2 Rxd2 40. Re1 Nxb4 41. Re4 Nd3 42. Rxg4+ Kf8 43. Nh3 b5 44. Kf3 Ne5+ 45. Ke3 Rb2 46. Rd4 Nc4+ 47. Kd3 Ke7 48. Kc3 Rb1 49. Nf4 e5 50. Re4 Kd6 51. Nd3 f5 52. Re2 e4 53. Nf4 Rc1+ 54. Kb4 Rb1+ 55. Kc3 Ra1 56. Kb4 Kc6 57. Ng6 Rb1+ 58. Kc3 Kc5 59. Ne7 b4+ 60. Kc2 Rb2+ 61. Kd1 Rxe2 62. Kxe2 b3 63. Kd1 Kd4 64. Kc1 Kd3 65. Kb1 Ke2 66. Nxf5 Kxf2 67. g4 e3 68. Nxe3 Kxe3 69. g5 Kd3 70. g6 Kc3 71. g7 b2 72. g8Q Nd2+ 73. Ka2 b1Q+ 74. Ka3 Qb4+ 75. Ka2 Qa5# 0-1

[Event "Jastrzebie Zdroj op"]
[Site "Jastrzebie Zdroj"]
[Date "2018.08.24"]
[Round "8"]
[White "Wieczorek, Jakub"]
[Black "Pilch, Roman"]
[Result "0-1"]
[WhiteElo "1710"]
[BlackElo "2129"]
[PlyCount "84"]
[EventDate "2018.08.18"]
[EventType "swiss"]
[EventRounds "9"]
[EventCountry "POL"]
[SourceTitle "CBM 186 Extra"]
[Source "ChessBase"]
[SourceDate "2018.08.24"]
[SourceVersion "1"]
[SourceVersionDate "2018.08.24"]
[SourceQuality "1"]

1. b3 Nf6 2. Bb2 b6 3. c4 c5 4. e3 Bb7 5. Nf3 g6 6. Be2 Bg7 7. 0-0 0-0 8. Qc2 Nc6 9. d3 Rc8 10. Nbd2 d5 11. Rad1 d4 12. e4 e5 13. Ne1 Nd7 14. Bg4 f5 15. Bh3 Qe7 16. Qb1 f4 17. a3 h5 18. b4 Rb8 19. Bxd7 Qxd7 20. bxc5 bxc5 21. Qc2 Bf6 22. Qa4 Bd8 23. Rb1 g5 24. Qd1 g4 25. h3 Rf7 26. Kh2 Bc8 27. Rg1 Rg7 28. Nb3 Be7 29. Bc1 Rb6 30. Nd2 Nd8 31. Rxb6 axb6 32. Qb3 Qe6 33. Qa4 Bd7 34. Qa7 Kh7 35. Qa8 Qf6 36. Qa7 Be6 37. Qxb6 Qh4 38. Qb2 Qxf2 39. Nb3 Qh4 40. Rf1 gxh3 41. Qf2 hxg2+ 42. Qxh4 gxf1N+ 0-1

[Event "Krakow Europejski op"]
[Site "Krakow"]
[Date "2016.05.02"]
[Round "2"]
[White "Wieczorek, Jakub"]
[Black "Golenia, Wojciech"]
[Result "0-1"]
[WhiteElo "1785"]
[BlackElo "1880"]
[PlyCount "58"]
[EventDate "2016.05.01"]
[EventType "swiss"]
[EventRounds "9"]
[EventCountry "POL"]
[SourceTitle "EXT 2018"]
[Source "ChessBase"]
[SourceDate "2017.10.13"]
[SourceVersion "1"]
[SourceVersionDate "2017.10.13"]
[SourceQuality "1"]

1. b3 e5 2. Bb2 Nc6 3. e3 d5 4. g3 Nf6 5. Bg2 Bg4 6. Bf3 Be6 7. Ne2 Qd7 8. d3 Be7 9. Nd2 0-0-0 10. Ng1 Bf5 11. Bg2 e4 12. d4 h5 13. h3 Kb8 14. c3 g5 15. Qc1 Be6 16. Ba3 Ne8 17. Qb2 f5 18. h4 f4 19. exf4 gxf4 20. gxf4 Rg8 21. Bf1 Rg4 22. Bxe7 Qxe7 23. 0-0-0 Rxf4 24. Ne2 Rxf2 25. c4 Nb4 26. Qa1 Bg4 27. Re1 e3 28. Nb1 Qe4 29. Na3 Nd3+ 0-1